000 00582cam a22002297a 4500
001 000728
003 armpunfd
005 20140612090618.0
008 011019e1996####xx#a##########000#0#und#d
040 _aarmpunfd
_carmpunfd
080 _a343(82) C 498
100 1 0 _aA-Z
245 1 0 _aCodifo penal: leyes complementarias
260 _a Buenos Aires
_bA-Z
_c1996
300 _a343p.
650 7 _a Codigo Penal
_2LEMB
942 _cLB
_2cdu
945 _aCatalis
_d2010-08-19
945 _aCatalis
_d2010-08-19
945 _aCatalis
_d2010-08-19
945 _aCatalis
_d2010-08-19
999 _c719
_d231223